| 000 | 00491nam a2200193Ia 4500 | ||
|---|---|---|---|
| 003 | OSt | ||
| 005 | 20230427103648.0 | ||
| 008 | 210423s2011 xx 000 0 und d | ||
| 020 | _a9788122432602 | ||
| 040 | _cAL | ||
| 041 | _aeng | ||
| 082 |
_a657.42 _223 _b RAOM |
||
| 100 |
_aRAO (M E Thukaram). _993740 |
||
| 245 | _aAdvanced cost and management accounting. | ||
| 260 |
_aNew Delhi _bNew Age International _c2011 |
||
| 300 |
_axiii,976 _bPB |
||
| 365 |
_b475 _cINR |
||
| 942 |
_2ddc _cBK |
||
| 999 |
_c161178 _d161178 |
||